| 000 | 00388nam a2200169Ia 4500 | ||
|---|---|---|---|
| 003 | STCL | ||
| 008 | 181203s9999 xx 000 0 und d | ||
| 020 | _a9780070529045 | ||
| 040 |
_aSTCL _bEN _cSTCL |
||
| 082 | _222 | ||
| 100 | _aKeiser, Gerd | ||
| 245 | 0 | _aLocal Area Networks | |
| 260 |
_bTata McGraw-Hill _aNew Delhi _c2012 |
||
| 300 | _a379 | ||
| 546 | _aEnglish | ||
| 942 |
_2ddc _cBK |
||
| 999 |
_c86433 _d86433 |
||